000 00452nam a22001817a 4500
003 MPLRDC
005 20220104113953.0
008 210129b ||||| |||| 00| 0 eng d
082 _a848.2 LWY-2
100 _a林文月著
245 _a澄辉集: 古典诗词初探
_c
250 _a初版
260 _a
_b洪范书店有限公司
_c1983
300 _b
490 _a洪范文学丛书;93
650 _a现代别集
942 _cBK
_o848.2 LWY-2
999 _c3790
_d3780